Responses for show #4656 - Monday, November 29, 2004

Ken Jennings game 74.

Contestants

[<< previous game]

Kathi Fry, a physician from Scottsdale, Arizona

Rob Kimbro, a theater director and stay-at-home dad from Princeton, New Jersey

Ken Jennings, a software engineer from Salt Lake City, Utah (whose 73-day cash winnings total $2,491,700)

[next game >>]

Jeopardy! Round responses

1804
COUNTRY MUSIC HALL OF FAME
HOW CAPITAL!
CHAIRS
TAKING STOCK
SHOOT SOME "POOL"
    $200 7
(Ken: Who is... McCormick?)

John Deere

KenRob
    $200 13
Hee Haw

Rob
    $200 1
Havana

Ken
    $200 26
a deck chair

Ken
    $200 21
Johnson & Johnson

Ken
    $200 6
a carpool

Rob
    $400 8
Brown

Ken
    $400 14
Willie Nelson

Ken
    $400 2
Hanoi

Ken
    $400 27
(Kathi: What is marble?)

the Stone of Scone

RobKathi
    $400 22
Home Depot

Ken
    $400 12
whirlpool

Rob
    $600 9
(Rob: What is the Nobel Prize?)

Legion of Honor

Rob
Triple Stumper
    $600 15
(Rob: Who is Johnny Cash?)

Merle Haggard

KenRob
    $600 3
Mexico City

Rob
    $600 28
(Rob: What is a mountain?)
...
(Alex: The Montgolfier brothers were known for their [*]s, so the back of the chair is shaped like a [*].)
[The end-of-round signal sounds.]

a balloon

Rob
Triple Stumper
    $600 23
Procter & Gamble

Rob
    $600 16
cesspool

Ken
    $800 10
Franklin Pierce

Ken
    $800 18
Loretta Lynn

Ken
    $800 4
Dublin

Ken
    $800 24
Disney

Rob
    $800 17
Liverpool

Rob
    $1,600 11
(Joseph) Priestley

Ken
    $1000 19
Jimmie Rodgers

Triple Stumper
    $1000 5
(Rob: What is Edo?)

Kyoto

KenRob
    $1000 25
(Rob: What is International Business Machine?)
(Alex: Correct!)
[Audible "no" from the judges]
(Alex: No? Sorry. Ken?)
(Ken: What is International Business MachineZZZ?)
(Alex: MachineZUH! All right, I misheard.)

International Business Machines

KenRob
    $1000 20
the motor pool

Rob

Scores at the first commercial break (after clue 15):

Ken Rob Kathi
$6,000 -$600 $0

Scores at the end of the Jeopardy! Round:

Ken Rob Kathi
$9,200 $1,400 -$400

Double Jeopardy! Round responses

CLASSICAL COMPOSERS
BRITISH FOOD WORDS
WEAPONS OF THE 2nd MILLENNIUM
WORKS OF THE BARD
B, M, W
(Alex: It will be one, or the other, or the other.)
THE ULTIMATE DIVING MACHINE
    $400 1
Chopin

Ken
    $400 19
a potato

Rob
    $400 8
(Kathi: What is a cadaver?)

caliber

RobKathi
    $400 3
Romeo and Juliet

Ken
    $400 13
a B movie

Ken
    $400 22
Fulton

Rob
    $800 2
Mozart

Rob
    $800 30
kippers

Rob
    $800 9
a rocket

Ken
    $800 4
Macbeth

Rob
    $800 14
vitamin B

Ken
    $2,400 23
(Alex: You are right. It happened in 1954.)

Mamie Eisenhower

Rob
    $1200 10
Copland

Ken
    $1200 29
Graham crackers

Rob
    $1200 16
a grenade

Ken
    $1200 5
Coriolanus

Rob
    $1200 15
m (for meter)

Rob
    $1200 24
Connecticut

Kathi
    $1600 11
(Gustav) Mahler

Ken
    $1600 28
cornmeal

Ken
    $7,800 20
(Rob: What is a mine?)

tank

Rob
    $1600 6
Hector

Rob
    $1600 17
B (for Belgium)

Ken
    $1600 25
sinking the Lusitania

Rob
    $2000 12
Leoncavallo

Ken
    $2000 27
pips

Rob
    $2000 21
a howitzer

Rob
    $2000 7
the Rialto

Triple Stumper
    $2000 18
a W boson

Ken
    $2000 26
(Rob: Who is Nimitz?)

Hyman Rickover

Rob
Triple Stumper

Scores at the end of the Double Jeopardy! Round:

Ken Rob Kathi
$23,200 $8,400 $400
(lock game)

[wagering suggestions for these scores]

Final Jeopardy! Round responses

BABY NAMES
[Rob's response elicits laughter from the audience.]
KathiWhat are John & Simon
$400
RobWhat are Thomas + Judas
$7,500
KenWhat are Matthew & Andrew?
$5,800
Matthew & Andrew

Final scores:

Ken Rob Kathi
$29,000 $900 $0
74-day champion: $2,520,700 2nd place: $2,000 3rd place: $1,000

Game dynamics:

Coryat scores:

Ken Rob Kathi
$22,600 $14,600 $400
27 R
(including 1 DD),
1 W
24 R
(including 1 DD),
7 W
(including 1 DD)
1 R,
2 W

Combined Coryat: $37,600

The J! Archive is created by fans, for fans. The Jeopardy! game show and all elements thereof, including but not limited to copyright and trademark thereto, are the property of Jeopardy Productions, Inc. and are protected under law. This website is not affiliated with, sponsored by, or operated by Jeopardy Productions, Inc. Join the discussion at JBoard.tv.